000 00529nam a2200145 a 4500
008 120416s0000 ||||||||||||||||| || u
020 _a0835905179
050 _aT 379 Man
100 _aMann, Peter A
245 1 0 _aBlueprint reading for the construction trades
260 _aReston, Virginia
_bReston Publishing Co
_c1984
300 _aix, 223p. : ill.
350 _a0.00
995 _D0.00
_FCBU-MAIN LIBRARY (Kitwe)
_H1
_I19.95
_M1
_UAVAILABLE
_ZMain Library Open Access Collection
999 _c36003
_d36003